Implementing BPR An Agenda for the CEO (Record no. 833697)

MARC details
000 -LEADER
fixed length control field 00373pam a2200133 a 4500
020 ## - INTERNATIONAL STANDARD BOOK NUMBER
Terms of availability
041 ## - LANGUAGE CODE
Language code of original
082 ## - DEWEY DECIMAL CLASSIFICATION NUMBER
Classification number 658.403 JAY
100 ## - MAIN ENTRY--PERSONAL NAME
Personal name JAYARAMAN (MS) and NATRAJAN (Ganesh )
Relator term author
245 ## - TITLE STATEMENT
Title Implementing BPR An Agenda for the CEO
Medium Textual Document
260 ## - PUBLICATION, DISTRIBUTION, ETC.
Name of publisher, distributor, etc. Tata McGraw-Hil Publication Company Limited . Delhi
Date of publication, distribution, etc. 1996
300 ## - PHYSICAL DESCRIPTION
Extent xi, 418
930 ## - EQUIVALENCE OR CROSS-REFERENCE-UNIFORM TITLE HEADING [LOCAL, CANADA]
Uniform title 4591
Holdings
Withdrawn status Lost status Damaged status Not for loan Collection Home library Current library Date acquired Source of acquisition Cost, normal purchase price Total Checkouts Full call number Barcode Date last seen Copy number Price effective from Koha item type
          Institute of Management & Research, New Delhi Institute of Management & Research, New Delhi 08/09/1998 Other 169.00   658.403 JAY IMD-26PB0002978 17/08/2023 2 17/08/2023 Book
          Institute of Management & Research, New Delhi Institute of Management & Research, New Delhi 08/09/1998 Other 169.00   658.403 JAY IMD-26PB0002977 17/08/2023 1 17/08/2023 Book